Statystyki dla Z jakiej piosenki Bedoesa pochodzi podany wers?

Kliknij tutaj aby rozwiązać quiz!

Ogólne statystyki

  • Ten quiz został rozwiązany 2 554 razy
  • Średni wynik to 7 z 10

Statystyki odpowiedzi

HintOdpowiedź% Poprawnych
Ona ma tatuaże i kolczyki, Nike'i oraz szpilki, sukienki oraz jeansy i bardzo mało bielizny.Brzydkie rzeczy
84%
Jutro się zmartwię, je*ać psy. Chociaż w sumie co ma zrobić starsza pani, gdy jej ktoś coś ukradnie.Vogue
80%
A, B, C, D, E, F, GT-R (Skrrt!), AMG, SMS i BDSM BRTDZ, BDG, 2115, SBM.FPS
78%
Chcę tylko kasy nie żony, chcę się pozbawić idoli. Ogarnąć sobie wtyczkę taką, że będę mógł ku*wa palić do woli.Biały i młody
75%
Typy chcą mnie zabić, ale chuj z nimi. Pochowane parę kafli, parę stów w Biblii.Delfin
74%
Miałeś tu wejść, ale nie weszłeś. Nie jesteś w Ho-Hollywoodzie.Gustaw
66%
Parę lat temu biła nas policja, dzisiaj tracę pamięć gdy ktoś pyta o nazwiska.Janosik
63%
Jeszcze nie mam miliona ale zaraz zrobię. Wszystko podwójne, tak jak bracia Mroczek. Wszystko podwójne, tak jak bracia Golec. Wszystko podwójne, tak jak ja pier*olę.Smoki
58%
Solar nie dał mi wyboru, nie! Białas nie dał mi wyboru, cholera. Ej, to wychodzi na to, że muszę rozje*ać.Gang, gang, gang
46%
La noche baila en tu' mágicos (Mami). No pienses en nada malo, por favor (Por favor).Polaco
44%

Rozkład punktacji

Percentyl według liczby udzielonych odpowiedzi

Procent ludzi z każdym wynikiem

Twoja historia wyników

Nie rozwiązałeś tego quizu